000 00915nam a2200229Ia 4500
003 Ost
005 20260507075500.0
008 260507s9999||||xx |||||||||||||| ||und||
020 _a9789961010747
040 _cfsecg
041 _aara
082 _a658.8
100 _aمنير، نوري،
_eمؤلف
245 0 _aالتسويق :
_bمدخل المعلومات والاستراتيجيات /
_c نوري منير
250 _aطبعة 3
260 _aالجزائر:
_bديوان المطبوعات الجامعية,
_c2018
300 _a249 صفحة؛
_bإيضاحات ؛
_c22 سم
504 _aالمراجع ص.239
520 _aمدخل شامل للتسويق،نظام المعلومات التسويقية،تحليل البيئة التسويقية،التسويق الاستراتيجي،ممارسة التسويق الاستراتيجي.
653 _aالتسويق
942 _cكتاب
999 _c44689
_d44689